000 00557nam a2200181Ia 4500
999 _c14343
_d14343
003 OSt
005 20201016114441.0
008 190216s9999||||xx |||||||||||||| ||und||
020 _a9788176257398
040 _coclc
082 _a820.9
_bPRA/I
100 _aPrasad, Amar Nath
_95411
245 0 _aIndian English Poetry And Fiction Critical Elucidations /
_cAmar Nath Prasad ; Rajiv K Mallik
260 _bSarup & Sons ,
_aNew Delhi:
_c2007.
300 _a281p
650 _aEnglish
942 _cBK
_2ddc
_h820.9
_iPRA/I
_k820.9
_mPRA/I